| 000 | 00875nam a2200205 i 4500 | ||
|---|---|---|---|
| 001 | 129944 | ||
| 003 | ES-MaACL | ||
| 005 | 20260210163246.0 | ||
| 007 | t| | ||
| 008 | 070712s1966 sp ||||1| spa d | ||
| 100 | 1 |
_aZulueta y Enriquez, Manuel María. _9118480 |
|
| 245 | 1 | 0 |
_aEstructura social de las comunidades rurales de la cuenca del Duero, Valladolid / _cpor Manuel María de Zulueta y Enríquez... y José López de Sebastián y Gómez de Agüero. |
| 260 |
_aMadrid : _bInstituto Nacional de Investigaciones Agrónomicas, _c1966. |
||
| 300 |
_a99 p. : _bmap. ; _c24 cm. |
||
| 651 | 4 |
_aValladolid (Provincia)- _xSituación social. _99511 |
|
| 700 | 1 |
_aLópez de Sebastian y Gómez de Agüero, José. _973590 |
|
| 710 |
_aInstituto Nacional de Investigaciones Agronómicas _c(España) _9219222 |
||
| 852 |
_aES-MaACL _jC-46634 _bR.65834 |
||
| 999 |
_c129944 _d129944 |
||